000 00648nam a2200229Ia 4500
003 OSt
005 20220926040503.0
006 a|||||r|||| 00| 0
007 ta
008 220923b |||||||| |||| 00| 0 eng d
037 _cGeneral Book
040 _aRTL
_cRTL
_beng
041 _2eng
_aeng
082 _aX:8F, K4
100 _aBedford Norton M
_9313137
245 0 _aAdvanced accounting
_b An organizational approach
260 _c1964
500 _aWiley publication in accounting ed by C A Moyar and Miram T Scovill
650 _aBudgeting
942 _hX:8F, K4
_cGB
_2CC
999 _c664913
_d664913